000 01490cam a2200277 i 4500
003 SA-RiAUC
005 20250918063119.0
008 250916s1986 ti g 000 0dara c
040 _aQA-DoQUL
_bara
_cSA-RiAUC
_erda
082 0 4 _a811.5
_qSA-RiAUC
090 _a811.5
_b ا ص ف
100 1 _aالأصفهاني، عبد الله بن عبد الرحمن،
_dتوفي بعد 380 هجري
_eمؤلف.
245 1 2 _aالواضح في مشكلات شعر المتنبي /
_cتأليف عبد الله بن عبد الرحمن الأصفهاني ؛ تحقيق محمد الطاهر بن عاشور.
250 _aالطبعة الثانية.
264 1 _aتونس :
_bالدار التونسية للنشر،
_c1986
300 _a123 صفحة ؛
_c24 سم
336 _aنص
_btxt
_2rdacontent
_3كتاب
337 _aبدون وسيط
_bn
_2rdamedia
338 _aمجلد
_bnc
_2rdacarrier
600 1 7 _aأبو الطيب المتنبي، أحمد بن الحسين بن الحسن،
_d303-354 هجري
_xنقد وتفسير
_2aucnm
650 7 _aالشعر العربي
_xتاريخ ونقد
_yالعصر العباسي الثاني
_2aucsh
700 1 2 _iتحقيق لـ :
_aالأصفهاني، عبد الله بن عبد الرحمن،
_dتوفي بعد 380 هجري.
_tالواضح في مشكلات شعر المتنبي
700 1 _aبن عاشور، محمد الطاهر،
_d1296-1393 هجري
_eمحقق.
942 _2ddc
_cBOOK
_n0
949 _aSA-JeALM
_d250916
_umohamedma123
_n1
999 _c11887
_d11887